00843nam a2200193 i 450000100060000000300090000600500170001500700030003200800410003510000370007624501320011326000490024530000220029450000890031671000750040585200310048099900170051195201210052870147ES-MaACL20250729020314.0t|040719s1951 sp ||||1| spa d1 aGarcía Pastor, Jesús.95508310aCatálogo de incunables de la Biblioteca Pública de Palma de Mallorca / credactado por su director Jesús García Pastor. aMadrid : b[s.n., c1951] (fImp. Góngora) a348 p. ; c22 cm. aPrecede al tít.: Cuerpo Facultativo de Archiveros, Bibliotecarios y Arqueólogos.2 aCuerpo Facultativo de Archiveros, Bibliotecarios y Arqueólogos93354 aES-MaACLjD-9111 bR.34454 c70147d70147 00104070aATENEOMbATENEOMcSVId2008-01-17eSCl0oD-9111p901073454r2023-02-23 00:00:00w2023-02-23yMONOGRAFIA